[Event "Tournoi francophone 007 Groupe B"]
[Site "Skype"]
[Date "????.??.??"]
[Round "1.1"]
[White "Gerbaux, Regis"]
[Black "L'Herbon De Lussats, Jean"]
[Result "0-1"]
[WhiteElo "1425"]
[BlackElo "1507"]
[PlyCount "22"]

1. e4 c5 2. c3 Nc6 3. Nf3 e5 4. Bb5 Nf6 5. d4 cxd4 6. cxd4 exd4 7. Bg5 Be7 8.
Nc3 dxc3 9. bxc3 Nxe4 10. Bf4 Nxc3 11. Qc2 Nxb5 0-1

[Event "Tournoi francophone 007 Groupe B"]
[Site "Skype"]
[Date "????.??.??"]
[Round "1.2"]
[White "Duthoit, Bernard"]
[Black "Gharbi, Said"]
[Result "0-1"]
[WhiteElo "1515"]
[BlackElo "1576"]
[PlyCount "150"]

1. e4 e5 2. Nf3 Nf6 3. Nc3 Bb4 4. d3 Bxc3+ 5. bxc3 Nc6 6. Bg5 d6 7. d4 O-O 8.
dxe5 dxe5 9. Qxd8 Rxd8 10. Bd3 Rd6 11. O-O Bg4 12. Nd2 h6 13. Bh4 Nh5 14. f3
Be6 15. Nb3 Nf4 16. Rfd1 a6 17. Bg3 Nh5 18. Bh4 b5 19. g4 Nf4 20. Bg3 b4 21.
Bxf4 exf4 22. c4 Ne5 23. Kf2 Bxc4 24. Bxc4 Rxd1 25. Rxd1 Nxc4 26. Nc5 Ne3 27.
Rd2 a5 28. Ke2 a4 29. Nd3 Nc4 30. Rd1 Na3 31. Nxb4 c5 32. Nd3 c4 33. Nxf4 Nxc2
34. Rc1 Nd4+ 35. Ke3 Nb5 36. Rxc4 Na3 37. Rc3 Nb1 38. Rc1 Rb8 39. Nd3 Rb7 40.
Nc5 Rc7 41. Rxb1 Rxc5 42. Kd3 Rc6 43. Rb4 Ra6 44. a3 Ra5 45. f4 Kh7 46. e5 Kg6
47. h4 h5 48. gxh5+ Kxh5 49. f5 Rxe5 50. Rxa4 Rxf5 51. Re4 Rf3+ 52. Re3 Rf6 53.
a4 Kxh4 54. Re4+ Kh5 55. a5 g5 56. Re5 Rd6+ 57. Ke4 f6 58. Rd5 Re6+ 59. Kf5 Rc6
60. Rb5 g4 61. Kf4+ Kh4 62. Rb6 Rc4+ 63. Kf5 Rc5+ 64. Kxf6 Rxa5 65. Rb1 Ra6+
66. Kf5 Ra3 67. Rb4 Rf3+ 68. Ke4 Kh3 69. Rb1 Rf2 70. Rh1+ Rh2 71. Rg1 g3 72.
Kf3 Rf2+ 73. Ke3 Kh2 74. Re1 Ra2 75. Kf3 g2 0-1

[Event "Tournoi francophone 007 Groupe B"]
[Site "Skype"]
[Date "????.??.??"]
[Round "1.3"]
[White "Kruk, Clementine"]
[Black "Fouquereau, Andre"]
[Result "1-0"]
[WhiteElo "1559"]
[BlackElo "1479"]
[PlyCount "35"]

1. e4 e5 2. Nf3 d6 3. Bc4 Be7 4. d3 Bg4 5. h3 Bh5 6. Be3 Nf6 7. Nc3 c6 8. g4
Bg6 9. Qd2 Nbd7 10. O-O-O Nb6 11. Bb3 a5 12. a3 h6 13. Nh4 Bh7 14. Nf5 Bxf5 15.
gxf5 Qd7 16. Bxb6 O-O 17. Rhg1 Ra6 18. Qxh6 1-0

[Event "Tournoi francophone 007 Groupe B"]
[Site "Skype"]
[Date "????.??.??"]
[Round "1.4"]
[White "Marino, Giuseppe"]
[Black "Farthouat, Titoine"]
[Result "0-1"]
[WhiteElo "1356"]
[BlackElo "1652"]
[PlyCount "74"]

1. d4 d5 2. Nf3 e6 3. Bf4 c5 4. e3 Nc6 5. c3 c4 6. b3 b5 7. Nbd2 Nf6 8. Ne5 Bb7
9. Be2 Bd6 10. Nxc6 Bxc6 11. Bxd6 Qxd6 12. Bf3 O-O 13. O-O a5 14. Re1 b4 15.
cxb4 c3 16. Nf1 axb4 17. Ng3 Rfd8 18. Nh5 e5 19. Nxf6+ Qxf6 20. dxe5 Qxe5 21.
Qc2 Bb5 22. h3 Rac8 23. a3 d4 24. exd4 Qxd4 25. axb4 Qxb4 26. Be4 g6 27. Re3
Rd2 28. Ra8 Rxa8 29. Bxa8 Rxc2 30. Re8+ Kg7 31. Re4 Rc1+ 32. Kh2 Qd6+ 33. g3
Bc6 34. Bxc6 Qxc6 35. f3 f5 36. Re3 Qd5 37. Re2 Qxf3 0-1

[Event "Tournoi francophone 007 Groupe B"]
[Site "Skype"]
[Date "????.??.??"]
[Round "1.5"]
[White "Martin, Jean-Claude"]
[Black "De Coninck, Philippe"]
[Result "1-0"]
[WhiteElo "1531"]
[BlackElo "1554"]
[PlyCount "53"]

1. d4 d5 2. c4 e6 3. Nc3 Nf6 4. Bg5 Be7 5. e3 O-O 6. Nf3 Nbd7 7. Rc1 b6 8. cxd5
Nxd5 9. Nxd5 exd5 10. Bxe7 Qxe7 11. Rxc7 Qb4+ 12. Qd2 Qd6 13. Qc2 Re8 14. Bd3
Re7 15. Rxc8+ Rxc8 16. Qxc8+ Nf8 17. O-O Rc7 18. Qg4 g6 19. e4 dxe4 20. Qxe4
Ne6 21. Re1 Qf4 22. d5 Qxe4 23. Bxe4 Nc5 24. Rc1 Rd7 25. Nd2 Nxe4 26. Nxe4 Rxd5
27. Nf6+ 1-0

[Event "Tournoi francophone 007 Groupe B"]
[Site "Skype"]
[Date "????.??.??"]
[Round "2.1"]
[White "L'Herbon De Lussats, Jean"]
[Black "De Coninck, Philippe"]
[Result "1-0"]
[WhiteElo "1507"]
[BlackElo "1554"]
[PlyCount "67"]

1. e4 e5 2. c4 Nf6 3. Nc3 Bb4 4. Nd5 Nxd5 5. cxd5 c6 6. a3 Bc5 7. Nf3 cxd5 8.
Nxe5 dxe4 9. Qc2 Bd6 10. Qxe4 O-O 11. d4 Re8 12. Qd5 Bxe5 13. dxe5 Nc6 14. Bf4
d6 15. O-O-O dxe5 16. Bg3 Qxd5 17. Rxd5 Be6 18. Rc5 Bb3 19. Bd3 e4 20. Bc2 Nd4
21. Bd1 Rac8 22. Rc7 Rxc7+ 23. Bxc7 Rc8 24. Re1 Rxc7+ 25. Kd2 Bd5 26. f3 f5 27.
fxe4 Bxe4 28. g3 Kf7 29. h3 Bf3 30. Re3 Bxd1 31. Kxd1 Rc2 32. b4 b5 33. Rd3 Ne2
34. Kxc2 1-0

[Event "Tournoi francophone 007 Groupe B"]
[Site "Skype"]
[Date "????.??.??"]
[Round "2.2"]
[White "Farthouat, Titoine"]
[Black "Martin, Jean-Claude"]
[Result "1-0"]
[WhiteElo "1652"]
[BlackElo "1531"]
[PlyCount "103"]

1. e4 d5 2. exd5 Qxd5 3. c4 Qe4+ 4. Qe2 Qxe2+ 5. Bxe2 Nc6 6. Nf3 e5 7. O-O Bf5
8. Nc3 O-O-O 9. b3 Nh6 10. Bb2 f6 11. Rad1 Bc5 12. Nd5 e4 13. Ne1 Bg4 14. Bxg4+
Nxg4 15. Nf4 Bxf2+ 16. Rxf2 Nxf2 17. Kxf2 Rhe8 18. d4 Ne5 19. h3 c6 20. d5 e3+
21. Kg1 cxd5 22. cxd5 g6 23. Nc2 f5 24. Nxe3 Nc6 25. Rc1 Rxe3 26. dxc6 bxc6 27.
Rxc6+ Kb7 28. Rc3 Rd1+ 29. Kf2 Rxc3 30. Bxc3 Rc1 31. Ne2 Rc2 32. a4 Ra2 33. Ke3
Kc6 34. Kd3 a6 35. Bd2 Ra1 36. Nc1 Rxc1 37. Bxc1 Kc5 38. Ba3+ Kd5 39. g3 g5 40.
Be7 f4 41. gxf4 gxf4 42. Bg5 Ke5 43. Ke2 Ke4 44. b4 f3+ 45. Kf2 Kd5 46. Kxf3
Kc6 47. b5+ axb5 48. axb5+ Kxb5 49. Kf4 Kc6 50. Kf5 Kd7 51. Kf6 Ke8 52. Bh6 1-0

[Event "Tournoi francophone 007 Groupe B"]
[Site "Skype"]
[Date "????.??.??"]
[Round "2.3"]
[White "Fouquereau, Andre"]
[Black "Marino, Giuseppe"]
[Result "0-1"]
[WhiteElo "1479"]
[BlackElo "1356"]
[PlyCount "58"]

1. e4 e5 2. Nf3 d6 3. c3 Nf6 4. Be2 Nxe4 5. Qa4+ Bd7 6. Qxe4 Bc6 7. Qc2 Be7 8.
d3 O-O 9. Be3 Nd7 10. Nbd2 Nf6 11. h3 Re8 12. Ne4 h6 13. Nh2 d5 14. Nxf6+ Bxf6
15. O-O-O d4 16. cxd4 exd4 17. Bxh6 gxh6 18. Nf3 Rc8 19. Kb1 Qe7 20. Qd2 Bg7
21. Rhg1 Qxe2 22. Qf4 Qe7 23. Rde1 Qd7 24. Nh4 Bb5 25. Qg3 Rxe1+ 26. Rxe1 Re8
27. Rd1 c5 28. Nf3 a5 29. Ne5 Rxe5 0-1

[Event "Tournoi francophone 007 Groupe B"]
[Site "Skype"]
[Date "????.??.??"]
[Round "2.4"]
[White "Gharbi, Said"]
[Black "Kruk, Clementine"]
[Result "1-0"]
[WhiteElo "1576"]
[BlackElo "1559"]
[PlyCount "41"]

1. e4 e5 2. d4 exd4 3. c3 d5 4. exd5 Qxd5 5. c4 Bb4+ 6. Bd2 Qa5 7. Nf3 Nc6 8.
Be2 Nf6 9. O-O Bxd2 10. Nbxd2 O-O 11. Nb3 Qh5 12. Nfxd4 Ng4 13. h3 Rd8 14. hxg4
Qe5 15. Nxc6 Rxd1 16. Nxe5 Rxf1+ 17. Kxf1 Be6 18. Nc5 Re8 19. Rd1 b6 20. Nxe6
fxe6 21. Rd7 1-0

[Event "Tournoi francophone 007 Groupe B"]
[Site "Skype"]
[Date "????.??.??"]
[Round "2.5"]
[White "Gerbaux, Regis"]
[Black "Duthoit, Bernard"]
[Result "1-0"]
[WhiteElo "1425"]
[BlackElo "1515"]
[PlyCount "67"]

1. d4 e5 2. dxe5 Nc6 3. Nf3 Qe7 4. a3 Nxe5 5. Nxe5 Qxe5 6. e3 d6 7. Bc4 Be6 8.
Bxe6 Qxe6 9. O-O g6 10. Qf3 c6 11. e4 Bg7 12. Nc3 Nf6 13. Be3 O-O 14. Rad1 b6
15. Rfe1 Ne8 16. Bd4 Bxd4 17. Rxd4 f5 18. Qh3 Nf6 19. Qd3 Rad8 20. h3 d5 21. e5
Nd7 22. f4 Nc5 23. Qe2 Ne4 24. Nxe4 fxe4 25. Rf1 c5 26. Rdd1 Rd7 27. c4 d4 28.
Qxe4 Qxc4 29. Rc1 Qd5 30. Rce1 Qxe4 31. Rxe4 d3 32. e6 Re8 33. exd7 Rxe4 34.
d8=Q+ 1-0

[Event "Tournoi francophone 007 Groupe B"]
[Site "Skype"]
[Date "????.??.??"]
[Round "3.1"]
[White "Duthoit, Bernard"]
[Black "L'Herbon De Lussats, Jean"]
[Result "0-1"]
[WhiteElo "1515"]
[BlackElo "1507"]
[PlyCount "76"]

1. e4 c5 2. Nf3 Nc6 3. c3 e5 4. Bb5 a6 5. Bxc6 bxc6 6. O-O d6 7. d4 Qf6 8. dxe5
dxe5 9. Bg5 Qe6 10. Qb3 Bd6 11. Qxe6+ Bxe6 12. Nbd2 h6 13. Bh4 g5 14. Bg3 f5
15. Nxe5 f4 16. Nxc6 fxg3 17. fxg3 Ne7 18. e5 Bc7 19. Nxe7 Kxe7 20. Rae1 c4 21.
Re4 Bb6+ 22. Kh1 Rac8 23. h4 g4 24. Rff4 Bd5 25. Re2 h5 26. Rf6 Rb8 27. Re1
Rhf8 28. Rxf8 Rxf8 29. Rf1 Bf2 30. Kh2 Be3 31. Rxf8 Kxf8 32. Nb1 Bc1 33. b3
cxb3 34. axb3 Bxb3 35. Kg1 Bc2 36. c4 Bxb1 37. c5 Be4 38. Kf2 a5 0-1

[Event "Tournoi francophone 007 Groupe B"]
[Site "Skype"]
[Date "????.??.??"]
[Round "3.2"]
[White "Kruk, Clementine"]
[Black "Gerbaux, Regis"]
[Result "1-0"]
[WhiteElo "1559"]
[BlackElo "1425"]
[PlyCount "69"]

1. e4 e5 2. Nf3 Nc6 3. Bc4 Bc5 4. c3 Nf6 5. d4 exd4 6. e5 d5 7. exd6 Qxd6 8.
O-O O-O 9. Qb3 h6 10. cxd4 Nxd4 11. Nxd4 Bxd4 12. Nd2 b6 13. Nf3 Bc5 14. Rd1
Qe7 15. Bf4 Be6 16. Re1 Rfe8 17. Rad1 Bxc4 18. Qxc4 Qf8 19. Nd4 Bxd4 20. Rxe8
Rxe8 21. Qxd4 Qe7 22. h3 c5 23. Qd3 Qe6 24. b3 Qe2 25. Qxe2 Rxe2 26. Rd8+ Re8
27. Rd6 Re6 28. Rd3 a6 29. g4 b5 30. g5 hxg5 31. Bxg5 Re1+ 32. Kg2 Nh5 33. Bd2
Re6 34. Rd5 c4 35. Rxh5 1-0

[Event "Tournoi francophone 007 Groupe B"]
[Site "Skype"]
[Date "????.??.??"]
[Round "3.3"]
[White "Marino, Giuseppe"]
[Black "Gharbi, Said"]
[Result "1-0"]
[WhiteElo "1356"]
[BlackElo "1576"]
[PlyCount "59"]

1. d4 e5 2. dxe5 Nc6 3. Nf3 Qe7 4. e3 Nxe5 5. Nxe5 Qxe5 6. Be2 Bd6 7. Nd2 b5 8.
Nf3 Qf6 9. Bxb5 Nh6 10. O-O Bb7 11. Be2 O-O 12. Rb1 Ng4 13. g3 Qh6 14. Nh4 Ne5
15. b3 g5 16. Bf3 Nxf3+ 17. Nxf3 Qh3 18. Bb2 g4 19. Ne1 Bb4 20. Qd4 f6 21. Qxb4
Bd5 22. Rc1 Rab8 23. Qf4 Rb6 24. e4 Bb7 25. f3 f5 26. Qe5 Rg6 27. fxg4 Qxg4 28.
Qh8+ Kf7 29. Rxf5+ Ke6 30. Qe5# 1-0

[Event "Tournoi francophone 007 Groupe B"]
[Site "Skype"]
[Date "????.??.??"]
[Round "3.4"]
[White "Martin, Jean-Claude"]
[Black "Fouquereau, Andre"]
[Result "1-0"]
[WhiteElo "1531"]
[BlackElo "1479"]
[PlyCount "41"]

1. d4 d5 2. c4 Nf6 3. Nc3 c6 4. Nf3 Bg4 5. Ne5 Bf5 6. Qb3 Qc7 7. cxd5 cxd5 8.
e4 Be6 9. exd5 Nxd5 10. Bb5+ Nd7 11. Nxd5 Qd6 12. Nxd7 Bxd5 13. Nb6+ Kd8 14.
Nxd5 Qe6+ 15. Be3 g6 16. Bc4 Qc6 17. O-O Bg7 18. Rac1 b6 19. Bb5 Qd6 20. Rc6
Qd7 21. Rxb6 1-0

[Event "Tournoi francophone 007 Groupe B"]
[Site "Skype"]
[Date "????.??.??"]
[Round "3.5"]
[White "De Coninck, Philippe"]
[Black "Farthouat, Titoine"]
[Result "0-1"]
[WhiteElo "1554"]
[BlackElo "1652"]
[PlyCount "58"]

1. e4 c5 2. c4 b6 3. Nf3 Bb7 4. Nc3 e6 5. d4 cxd4 6. Nxd4 Bb4 7. Qf3 Nf6 8. Bg5
Be7 9. Bxf6 Bxf6 10. Qd3 O-O 11. Be2 Nc6 12. Nxc6 dxc6 13. O-O c5 14. Rad1 Qe7
15. Qd7 Rfd8 16. Qxe7 Bxe7 17. Rd3 Rxd3 18. Bxd3 Rd8 19. Rd1 Bf6 20. Bc2 a6 21.
a4 Bg5 22. f4 Rxd1+ 23. Bxd1 Bxf4 24. Kf2 Bc1 25. b3 Bb2 26. Ne2 Bxe4 27. Ng3
Bd4+ 28. Kf1 Bg6 29. Bf3 Bc2 0-1

[Event "Tournoi francophone 007 Groupe B"]
[Site "Skype"]
[Date "????.??.??"]
[Round "4.1"]
[White "L'Herbon De Lussats, Jean"]
[Black "Farthouat, Titoine"]
[Result "0-1"]
[WhiteElo "1507"]
[BlackElo "1652"]
[PlyCount "122"]

1. d4 d5 2. c4 e6 3. cxd5 exd5 4. Nc3 Nf6 5. Bg5 Be7 6. Nf3 O-O 7. e3 Bf5 8.
Bd3 Bxd3 9. Qxd3 Nbd7 10. O-O c6 11. Bf4 b5 12. b4 Bxb4 13. a3 Be7 14. Rfe1 a5
15. Re2 Nb6 16. h4 Bd6 17. Be5 Nc4 18. Bxd6 Qxd6 19. Ng5 h6 20. e4 dxe4 21.
Ngxe4 Nxe4 22. Nxe4 Qd5 23. Rae1 Rad8 24. Rd1 Rfe8 25. Nc5 Rxe2 26. Qxe2 Nxa3
27. Nb7 Rb8 28. Nxa5 b4 29. Qe7 Qxa5 30. Rd3 b3 31. Rf3 Rf8 32. Rxb3 Nc2 33.
Qe4 Qe1+ 34. Qxe1 Nxe1 35. Rb4 Rd8 36. Rc4 Kh7 37. Kf1 Nd3 38. Rxc6 Rxd4 39. g3
f6 40. Ke2 Ne5 41. Re6 Kg6 42. Ke3 Kf5 43. Re7 Re4+ 44. Kd2 Nc4+ 45. Kc3 Rxe7
46. Kxc4 Rd7 47. f3 Ke5 48. h5 f5 49. f4+ Ke4 50. Kc5 Kf3 51. g4 fxg4 52. f5
Rf7 53. Kd5 Rxf5+ 54. Ke6 Kf4 55. Kd7 Rf6 56. Ke8 Ra6 57. Kf7 Kg5 58. Kxg7 Kxh5
59. Kh7 Ra7+ 60. Kh8 Kg6 61. Kg8 Ra8# 0-1

[Event "Tournoi francophone 007 Groupe B"]
[Site "Skype"]
[Date "????.??.??"]
[Round "4.2"]
[White "Fouquereau, Andre"]
[Black "De Coninck, Philippe"]
[Result "0-1"]
[WhiteElo "1479"]
[BlackElo "1554"]
[PlyCount "98"]

1. e4 e5 2. Nf3 Nf6 3. d3 Nc6 4. c3 Bc5 5. Bg5 h6 6. Bh4 O-O 7. Be2 Be7 8. O-O
d5 9. Nbd2 dxe4 10. Bxf6 exf3 11. Bxe7 Qxe7 12. Nxf3 Rd8 13. Qc2 Bf5 14. Rfe1
b5 15. Bf1 Rd6 16. Re3 Re8 17. Qb3 a6 18. Rae1 Re6 19. a3 e4 20. Nd4 Nxd4 21.
cxd4 exd3 22. Bxd3 Bxd3 23. Qxd3 Qd7 24. Rxe6 Rxe6 25. Rxe6 Qxe6 26. Qd2 Kf8
27. h3 Ke7 28. d5 Qe5 29. Qe3 Kd6 30. Qxe5+ Kxe5 31. f3 Kxd5 32. Kf2 Kd4 33.
Ke2 c5 34. Kd2 c4 35. g3 f5 36. g4 g6 37. h4 g5 38. hxg5 hxg5 39. gxf5 Ke5 40.
f6 Kxf6 41. Ke3 Ke5 42. Ke2 Kf4 43. Kf2 a5 44. Ke2 b4 45. axb4 axb4 46. Kf2 Ke5
47. Ke3 Kd5 48. Kd2 Kd4 49. Ke2 c3 0-1

[Event "Tournoi francophone 007 Groupe B"]
[Site "Skype"]
[Date "????.??.??"]
[Round "4.3"]
[White "Gharbi, Said"]
[Black "Martin, Jean-Claude"]
[Result "1-0"]
[WhiteElo "1576"]
[BlackElo "1531"]
[PlyCount "59"]

1. e4 d5 2. exd5 Qxd5 3. Nc3 Qa5 4. Bc4 c6 5. Nf3 h6 6. O-O Bg4 7. h3 Bh5 8. d4
e6 9. Qd3 b5 10. Bb3 Bb4 11. Bd2 Nf6 12. a3 Bg6 13. Qe2 Bxc3 14. Bxc3 Qc7 15.
Bb4 c5 16. Bxc5 Nc6 17. Rfe1 Nd8 18. Qxb5+ Qd7 19. Qxd7+ Nxd7 20. Bd6 Rc8 21.
c3 Rc6 22. Bb4 Rb6 23. Ba4 Ra6 24. Bb5 Rb6 25. a4 a6 26. Bxd7+ Kxd7 27. Ne5+
Kc8 28. Nc4 Rc6 29. Nd6+ Rxd6 30. Bxd6 1-0

[Event "Tournoi francophone 007 Groupe B"]
[Site "Skype"]
[Date "????.??.??"]
[Round "4.4"]
[White "Gerbaux, Regis"]
[Black "Marino, Giuseppe"]
[Result "1-0"]
[WhiteElo "1425"]
[BlackElo "1356"]
[PlyCount "39"]

1. d4 d5 2. Nf3 e6 3. a3 Be7 4. e3 Nf6 5. Bd3 O-O 6. O-O b6 7. c4 Ba6 8. Qc2
dxc4 9. Bxc4 Bxc4 10. Qxc4 Qd7 11. Ne5 Qe8 12. Qxc7 Nd5 13. Qc2 Nd7 14. e4 Nxe5
15. dxe5 Rc8 16. Qd3 Nc7 17. Nc3 Rd8 18. Qg3 f6 19. exf6 Bd6 20. Qxg7# 1-0

[Event "Tournoi francophone 007 Groupe B"]
[Site "Skype"]
[Date "????.??.??"]
[Round "4.5"]
[White "Duthoit, Bernard"]
[Black "Kruk, Clementine"]
[Result "1-0"]
[WhiteElo "1515"]
[BlackElo "1559"]
[PlyCount "35"]

1. e4 e5 2. d4 exd4 3. c3 d5 4. exd5 Qxd5 5. cxd4 Nc6 6. Nc3 Qxd4 7. Qxd4 Nxd4
8. Bd3 Nf6 9. Nge2 Nf5 10. Bf4 Bd6 11. Bxd6 Nxd6 12. Rd1 Be6 13. O-O Rd8 14.
Nf4 Bc4 15. Bxc4 Nxc4 16. Rfe1+ Kf8 17. Rxd8+ Ne8 18. Rexe8# 1-0

[Event "Tournoi francophone 007 Groupe B"]
[Site "Skype"]
[Date "????.??.??"]
[Round "5.1"]
[White "Kruk, Clementine"]
[Black "L'Herbon De Lussats, Jean"]
[Result "1-0"]
[WhiteElo "1559"]
[BlackElo "1507"]
[PlyCount "59"]

1. e4 c5 2. d4 cxd4 3. c3 dxc3 4. Nxc3 e5 5. Nf3 Nc6 6. Bc4 Be7 7. O-O Nf6 8.
Qb3 O-O 9. Ng5 d5 10. Rd1 Nd4 11. Qa4 Bd7 12. Bb5 a6 13. Bxd7 Nxd7 14. Nxd5
Bxg5 15. Bxg5 Qxg5 16. Qxd7 b5 17. Ne7+ Kh8 18. Nf5 Rad8 19. Qc7 Qf4 20. Nxd4
Rxd4 21. Rxd4 f6 22. Rd7 Qxe4 23. Rad1 Rg8 24. Rd8 h6 25. Rxg8+ Kxg8 26. h3 Kh7
27. Qf7 Qc2 28. Rd8 Qb1+ 29. Kh2 Qg6 30. Qg8# 1-0

[Event "Tournoi francophone 007 Groupe B"]
[Site "Skype"]
[Date "????.??.??"]
[Round "5.2"]
[White "Marino, Giuseppe"]
[Black "Duthoit, Bernard"]
[Result "0-1"]
[WhiteElo "1356"]
[BlackElo "1515"]
[PlyCount "88"]

1. e4 e6 2. d4 d5 3. e5 c5 4. c3 Nc6 5. Nf3 cxd4 6. cxd4 Nge7 7. Bb5 Bd7 8.
Bxc6 Bxc6 9. O-O Ng6 10. h3 Be7 11. Be3 Bb4 12. Bd2 Qb6 13. Bxb4 Qxb4 14. b3
O-O 15. Qd2 Qxd2 16. Nbxd2 a6 17. a4 b5 18. Rfc1 Rfc8 19. axb5 Bxb5 20. g3 Ne7
21. g4 Ng6 22. Kh2 Nf4 23. Kg3 Ne2+ 24. Kh2 Rxc1 25. Ra2 Nf4 26. b4 Nd3 27. Nb3
Rc3 28. Nc5 Nxb4 29. Rb2 Nd3 30. Nxd3 Rxd3 31. Ne1 Rxd4 32. Nf3 Rd3 33. Ne1 Rd1
34. Nf3 d4 35. Kg3 d3 36. Kg2 Rd8 37. Nd2 Rc8 38. Nf3 Rc2 39. Rb3 g6 40. Nd4
Bc6+ 41. Kg3 Rg1+ 42. Kh2 Rh1+ 43. Kg3 d2 44. Rd3 Be4 0-1

[Event "Tournoi francophone 007 Groupe B"]
[Site "Skype"]
[Date "????.??.??"]
[Round "5.3"]
[White "Martin, Jean-Claude"]
[Black "Gerbaux, Regis"]
[Result "1/2-1/2"]
[WhiteElo "1531"]
[BlackElo "1425"]
[PlyCount "51"]

1. d4 d5 2. c4 e6 3. Nc3 Nf6 4. Bg5 Be7 5. e3 O-O 6. Nf3 Nbd7 7. Rc1 b6 8. cxd5
exd5 9. Bd3 Bb7 10. O-O Rc8 11. Nb5 a6 12. Na7 Ra8 13. Nc6 Bxc6 14. Rxc6 Nb8
15. Rc1 Nbd7 16. Ne5 Nxe5 17. dxe5 Nd7 18. Bxe7 Qxe7 19. Rxc7 Rac8 20. Qc2 Qd8
21. Rxc8 Qxc8 22. Qxc8 Rxc8 23. Bxa6 Rc2 24. Rb1 Nxe5 25. Bb7 Rd2 26. f4
1/2-1/2

[Event "Tournoi francophone 007 Groupe B"]
[Site "Skype"]
[Date "????.??.??"]
[Round "5.4"]
[White "De Coninck, Philippe"]
[Black "Gharbi, Said"]
[Result "0-1"]
[WhiteElo "1554"]
[BlackElo "1576"]
[PlyCount "76"]

1. e4 e5 2. Nf3 Nc6 3. Bb5 Nge7 4. Nc3 Nd4 5. Nxe5 c6 6. Bc4 d5 7. exd5 cxd5 8.
Be2 Be6 9. Nf3 Nef5 10. Bd3 Nxf3+ 11. Qxf3 Nd4 12. Bb5+ Ke7 13. Qd3 Qb6 14. a4
Rd8 15. Ne2 Bf5 16. Qe3+ Ne6 17. d3 d4 18. Qe5 Bg6 19. Nf4 Qd6 20. Nd5+ Qxd5
21. Qxd5 Rxd5 22. O-O Re5 23. Bf4 Nxf4 24. Rfe1 Kf6 25. Rxe5 Kxe5 26. Re1+ Kd6
27. g3 Nh3+ 28. Kg2 Bf5 29. f3 h5 30. Bc4 f6 31. Bf7 Be7 32. Bg6 Bxg6 33. Kxh3
Bf5+ 34. Kg2 g5 35. h3 Rc8 36. Re2 g4 37. h4 gxf3+ 38. Kxf3 Bg4+ 0-1

[Event "Tournoi francophone 007 Groupe B"]
[Site "Skype"]
[Date "????.??.??"]
[Round "5.5"]
[White "Farthouat, Titoine"]
[Black "Fouquereau, Andre"]
[Result "1-0"]
[WhiteElo "1652"]
[BlackElo "1479"]
[PlyCount "79"]

1. e4 e5 2. Nf3 d6 3. Bc4 h6 4. h3 Nf6 5. d3 Be7 6. O-O O-O 7. Be3 c6 8. Bb3
Nbd7 9. Nc3 Qc7 10. d4 a6 11. Qe2 b5 12. a3 Nb6 13. dxe5 dxe5 14. Nxe5 Qxe5 15.
Bxb6 c5 16. Nd5 Nxd5 17. Bxd5 Bd6 18. f4 Qd4+ 19. Kh1 Qxb2 20. Rad1 Bb7 21.
Bxb7 Rab8 22. Rxd6 Rxb7 23. Bxc5 Rc8 24. Qf2 Rbc7 25. Rd5 Qc3 26. Bb6 Rc4 27.
Rd8+ Rxd8 28. Bxd8 Rxe4 29. Qf3 Qxc2 30. Rd1 Re3 31. Qd5 Rxa3 32. Be7 Qg6 33.
Bxa3 Qf6 34. Qe5 Qh4 35. Qe8+ Kh7 36. Qxf7 Qf2 37. Bf8 Qg3 38. Rd7 a5 39. Bxg7
Qxg7 40. Qxg7# 1-0

[Event "Tournoi francophone 007 Groupe B"]
[Site "Skype"]
[Date "????.??.??"]
[Round "6.1"]
[White "L'Herbon De Lussats, Jean"]
[Black "Fouquereau, Andre"]
[Result "0-1"]
[WhiteElo "1507"]
[BlackElo "1479"]
[PlyCount "90"]

1. e4 e5 2. Bc4 Nf6 3. d3 Bc5 4. Nf3 O-O 5. Nxe5 d6 6. Nf3 Bg4 7. O-O Nbd7 8.
h3 Bh5 9. Re1 Ne5 10. Be3 Nxf3+ 11. gxf3 Qd7 12. Kh2 Rae8 13. Rg1 Bg6 14. c3
Bxe3 15. fxe3 d5 16. Bb3 Qd6+ 17. Kh1 dxe4 18. dxe4 Nh5 19. Qe1 Qf6 20. Nd2 Rd8
21. Qf2 b5 22. Rg2 c5 23. Rag1 c4 24. Bd1 Qd6 25. f4 Qd7 26. Bg4 f5 27. Bf3
fxe4 28. Nxe4 Qxh3+ 29. Rh2 Qf5 30. Ng5 Nf6 31. e4 Nxe4 32. Bxe4 Qf6 33. f5
Bxf5 34. Qxa7 Bxe4+ 35. Nxe4 Qf3+ 36. Rhg2 Qh3+ 37. Rh2 Qf3+ 38. Rgg2 Qf1+ 39.
Rg1 Qf3+ 40. Rhg2 Qh3+ 41. Rh2 Qf3+ 42. Rgg2 Rd1+ 43. Qg1 Rxg1+ 44. Kxg1 Qe3+
45. Nf2 Qe1# 0-1

[Event "Tournoi francophone 007 Groupe B"]
[Site "Skype"]
[Date "????.??.??"]
[Round "6.2"]
[White "Gharbi, Said"]
[Black "Farthouat, Titoine"]
[Result "0-1"]
[WhiteElo "1576"]
[BlackElo "1652"]
[PlyCount "58"]

1. e4 c5 2. Nf3 Nc6 3. Bb5 a6 4. Bxc6 bxc6 5. d3 Qc7 6. c4 e6 7. Nc3 Bb7 8. Na4
d5 9. cxd5 cxd5 10. exd5 exd5 11. Nc3 Nf6 12. Qe2+ Be7 13. Be3 d4 14. Ne4 Nxe4
15. dxe4 dxe3 16. Qxe3 O-O 17. O-O Rfe8 18. e5 Bf6 19. Rfe1 Bxf3 20. Qxf3 Bxe5
21. g3 Bxb2 22. Rxe8+ Rxe8 23. Rb1 Qe5 24. Qb3 Rb8 25. Qa4 Qd4 26. Qxa6 c4 27.
Qc6 c3 28. Qc7 Qd8 29. Qe5 c2 0-1

[Event "Tournoi francophone 007 Groupe B"]
[Site "Skype"]
[Date "????.??.??"]
[Round "6.3"]
[White "Gerbaux, Regis"]
[Black "De Coninck, Philippe"]
[Result "1/2-1/2"]
[WhiteElo "1425"]
[BlackElo "1554"]
[PlyCount "66"]

1. e4 e5 2. Nf3 Nf6 3. Bc4 Nxe4 4. Nxe5 Qf6 5. Qf3 Qxf3 6. Nxf3 Bc5 7. d4 Bb6
8. O-O O-O 9. Re1 Re8 10. Nc3 Nf6 11. Bg5 Kf8 12. Bxf6 gxf6 13. Nd5 Rxe1+ 14.
Rxe1 Nc6 15. c3 Kg7 16. Ne7 d6 17. Nxc6 bxc6 18. Re7 d5 19. Bd3 Be6 20. g4 Kf8
21. Rxe6 fxe6 22. Bxh7 Ke7 23. h4 Rh8 24. Bd3 Rg8 25. Nh2 f5 26. g5 c5 27. Nf3
cxd4 28. Ne5 dxc3 29. bxc3 d4 30. f4 dxc3+ 31. Kg2 Bd4 32. Nc6+ Kf7 33. Nxd4
Rd8 1/2-1/2

[Event "Tournoi francophone 007 Groupe B"]
[Site "Skype"]
[Date "????.??.??"]
[Round "6.4"]
[White "Duthoit, Bernard"]
[Black "Martin, Jean-Claude"]
[Result "0-1"]
[WhiteElo "1515"]
[BlackElo "1531"]
[PlyCount "76"]

1. e4 d5 2. exd5 Qxd5 3. Nf3 Qa5 4. Nc3 Nf6 5. Bb5+ Bd7 6. Bxd7+ Nbxd7 7. O-O
O-O-O 8. d3 e6 9. Bd2 Qh5 10. Ng5 Qg6 11. Re1 Bc5 12. Nge4 Bb6 13. Nxf6 Nxf6
14. Ne4 Nxe4 15. Rxe4 f5 16. Re2 Rhe8 17. Qe1 Qf6 18. Bc3 e5 19. b3 Rd5 20. Rd1
Bd4 21. Bxd4 Rxd4 22. c3 Rdd8 23. d4 e4 24. f3 Qa6 25. fxe4 Rxe4 26. Rxe4 fxe4
27. Rd2 Re8 28. Qh4 Qg6 29. Qh3+ Kb8 30. Rd1 e3 31. Ra1 e2 32. Qd7 e1=Q+ 33.
Rxe1 Rxe1+ 34. Kf2 Re8 35. h3 Qf6+ 36. Kg1 Re1+ 37. Kh2 Qd6+ 38. Qxd6 cxd6 0-1

[Event "Tournoi francophone 007 Groupe B"]
[Site "Skype"]
[Date "????.??.??"]
[Round "6.5"]
[White "Kruk, Clementine"]
[Black "Marino, Giuseppe"]
[Result "1-0"]
[WhiteElo "1559"]
[BlackElo "1356"]
[PlyCount "109"]

1. e4 e5 2. Nf3 d6 3. Bc4 Be7 4. Nc3 c6 5. d4 exd4 6. Nxd4 Nf6 7. Bf4 O-O 8.
O-O h6 9. Nf5 Bxf5 10. exf5 d5 11. Bb3 Re8 12. Qf3 Bd6 13. Bxd6 Qxd6 14. Rad1
Nbd7 15. Rfe1 Re7 16. Rxe7 Qxe7 17. Qe3 Re8 18. Re1 Qxe3 19. Rxe3 Rxe3 20. fxe3
Nc5 21. Ba4 Nfe4 22. Nxe4 dxe4 23. Bb3 Nxb3 24. axb3 Kf8 25. Kf2 Ke7 26. Kg3 g5
27. fxg6 fxg6 28. Kf4 Kf6 29. Kxe4 b6 30. c4 Ke6 31. b4 Kd6 32. b3 a6 33. h4 h5
34. Kf4 Ke6 35. g4 hxg4 36. Kxg4 Kf6 37. Kf4 Kf7 38. Ke5 Ke7 39. e4 c5 40. bxc5
bxc5 41. Kd5 Kf6 42. Kd6 a5 43. e5+ Kf5 44. e6 Kg4 45. e7 Kxh4 46. e8=Q g5 47.
Qe1+ Kg4 48. Kxc5 Kf4 49. Qf2+ Kg4 50. Kd4 Kh5 51. Ke5 g4 52. Qg3 Kg5 53. Qf4+
Kh4 54. Kf5 Kh3 55. Qxg4+ 1-0